banner koha

Die forstinventuren in Brasilien Neue entwicklungen und ihr feir eine geregelte forsteeirtschaft [floresta, analise florestal, desbaste, desenvolvimento florestal, Brasil] (Registro n. 28498)

MARC details
000 -LÍDER
campo de controle de tamanho fixo 01060nam a22002777a 4500
001 - NÚMERO DE CONTROLE
campo de controle BR7908145
003 - IDENTIFICADOR DO NÚMERO DE CONTROLE
campo de controle BR-BrBNA
005 - DATA E HORÁRIO DA ÚLTIMA TRANSAÇÃO
campo de controle 20230928090335.0
007 - CAMPO FIXO DE DESCRIÇÃO FÍSICA--INFORMAÇÃO GERAL
campo de controle de tamanho fixo ta
008 - CAMPO DE DADOS FIXOS--INFORMAÇÃO GERAL
campo de controle de tamanho fixo 230509b bl.||||| |||| 00| 0 por d
040 ## - FONTE DA CATALOGAÇÃO
Instituição da catalogação original BR-BrBNA
Idioma da catalogação por
Instituição que transcreveu o registro Biblioteca Nacional de Agricultura
041 ## - CÓDIGO DE IDIOMA
Código do idioma do texto/trilha sonora ou título diferente (De)
072 ## - CÓDIGO DE CATEGORIA DE ASSUNTO
Código de Categoria de Assunto K00; K20
Código do objeto /G514
090 ## - NÚMERO DE CHAMADA LOCAL
-- K00 BR7908145
100 1# - ENTRADA PRINCIPAL--NOME PESSOAL
Nome pessoal Pellico Netto, S.
110 1# - ENTRADA PRINCIPAL--NOME CORPORATIVO
Nome corporativo ou nome da jurisdição Universitat Zu Freiburg im Breisgau (Germany). Forswissenschaftlichen Fakultat der Albert-Ludwigs
Grau Universitário Dissertation (Doktorwurde)
9 (RLIN) 11311
245 1# - TÍTULO
Título Die forstinventuren in Brasilien Neue entwicklungen und ihr feir eine geregelte forsteeirtschaft [floresta, analise florestal, desbaste, desenvolvimento florestal, Brasil]
260 3# - PUBLICAÇÃO, DISTRIBUIÇÃO, ETC.
Local de publicação, distribuição, etc. Freiburg (Germany):
Data da publicação, distribuição, etc. 1979.
300 ## - DESCRIÇÃO FÍSICA
Extensão 232 p.
500 ## - NOTA GERAL
Nota geral Summaries (En, Fr, Ger, Pt). (*) Documento disponível na(o) UFPR, Curitiba, PR (Brazil). Biblioteca Central
650 ## - ASSUNTO--TERMO TÓPICO
Cabeçalho tópico ou nome geográfico FLORESTA
650 ## - ASSUNTO--TERMO TÓPICO
Cabeçalho tópico ou nome geográfico DESBASTE
650 ## - ASSUNTO--TERMO TÓPICO
Cabeçalho tópico ou nome geográfico DESENVOLVIMENTO FLORESTAL
909 ## -
-- 202309
-- Lucia
-- 55
-- Lucia Elande
942 ## - ELEMENTOS DE ENTRADA ADICIONADOS (KOHA)
Tipo de material Koha Livros
Exemplares
Situação do descarte Fonte da classificação ou esquema de arquivamento na estante Situação física Não pode ser emprestado Biblioteca de origem Biblioteca atual Total de empréstimos Data de último acesso Número do exemplar Tipo de material Koha Nota pública Situação das perdas Data de aquisição Fonte de aquisição Qualificador de local codificado Custo, preço normal de compra Número do inventário Custo, preço de reposição Preço efetivo de
  Classificação AGRIS   INDISPONÍVEL Centro Cooperante Centro Cooperante   25/09/2023 01 Livros Summaries (En, Fr, Ger, Pt). (*) Documento disponível na(o) UFPR, Curitiba, PR (Brazil). Biblioteca Central Em falta              

BINAGRI

Telefone: (61)3218-2567/2388/3357/2097 - binagri@agro.gov.br

Ministério da Agricultura e Pecuária , Esplanada dos Ministérios, Bloco D, Anexo B, Brasília/DF, CEP: 70.043-900